Shakespeare and the staging of English history /

Bibliographic Details
Main Author: Dillon, Janette, 1953-
Format: Book
Language:English
Published: Oxford ; New York : Oxford University Press, 2012.
Series:Oxford Shakespeare topics.
Subjects:

MARC

Tag First Indicator Second Indicator Subfields
LEADER 00000cam a2200000Ia 4500
001 in00002778607
005 20151202171136.0
008 111027s2012 enk b 001 0 eng d
016 7 |a 015990784  |2 Uk 
020 |a 9780199593163 
020 |a 0199593167 
020 |a 9780199593156 
020 |a 0199593159 
029 1 |a DEBBG  |b BV039864549 
035 |a (OCoLC)ocn759177632 
035 |a (OCoLC)759177632 
040 |a BTCTA  |b eng  |c BTCTA  |d UKMGB  |d BDX  |d DEBBG  |d YDXCP  |d NLE  |d DAY  |d BWX  |d UtOrBLW 
049 |a TXAM 
050 4 |a PR3091  |b .D55 2012 
082 0 4 |a 822.33  |2 23 
100 1 |a Dillon, Janette,  |d 1953- 
245 1 0 |a Shakespeare and the staging of English history /  |c Janette Dillon. 
246 1 4 |a Shakespeare & the staging of English history 
264 1 |a Oxford ;  |a New York :  |b Oxford University Press,  |c 2012. 
300 |a 150 pages ;  |c 21 cm. 
336 |a text  |b txt  |2 rdacontent 
337 |a unmediated  |b n  |2 rdamedia 
338 |a volume  |b nc  |2 rdacarrier 
490 1 |a Oxford Shakespeare topics 
504 |a Includes bibliographical references and index. 
600 1 0 |a Shakespeare, William,  |d 1564-1616  |x Dramatic production. 
600 1 0 |a Shakespeare, William,  |d 1564-1616  |x Stage history. 
600 1 0 |a Shakespeare, William,  |d 1564-1616  |x Histories. 
600 1 0 |a Shakespeare, William,  |d 1564-1616  |x Criticism and interpretation. 
830 0 |a Oxford Shakespeare topics. 
938 |a Baker and Taylor  |b BTCP  |n BK0010276843 
938 |a Brodart  |b BROD  |n 100880401  |c $75.00 
938 |a YBP Library Services  |b YANK  |n 6989838 
938 |a Blackwell Book Service  |b BBUS  |n 6989839 
947 |a A14835955504 
945 |a PromptCat  |b 908310 
946 |a stk 
994 |a 92  |b TXA 
948 |a Cataloged  |b h  |c 2012/6/7  |d c  |e fambrosini 
999 |a MARS 
999 f f |s 0d2bdf15-f7d2-33cf-bc48-fe01c6da46e5  |i 560502ee-8c5d-379c-abc8-535a8a1a5fc7  |t 0 
952 f f |p normal  |a Texas A&M University  |b College Station  |c Sterling C. Evans Library  |d Evans: Library Stacks  |t 0  |e PR3091 .D55 2012  |h Library of Congress classification  |i unmediated -- volume  |m A14835955504 
998 f f |a PR3091 .D55 2012  |t 0  |l Evans: Library Stacks